000
00327nam a2200133Ia 4500
008
151001s9999||||xx |||||||||||||| ||und||
100
_a
द्रोणवीर कोहली
245
_a
नानी
250
_a
2
260
_b
किताबहार
260
_c
2002
300
_a
356
365
_b
21
999
_c
980262
_d
980259